1762 1597 1648 1988 1367 1593 1262 1147 1860 1735 1791 1106 1469 1121 1485 1092 1878 1423 1803 1738 1016 1209 1900 1068 1818 1961 1794 1508 1443 1032 1178 1175 1814 1581 1009 1787 1650 1304 1353 1308 1175 1781 1337 1231 1918 1708 1388 1151 1482 1819 1051 1518 1601 1249 1194 1125 1828 1338 1194 1944 1833 1207 1534 1422 1090 1508 1846 1843 1848 1401 1650 1411 1433 1642 1319 1739 1236 1371 1304 1787 1033 1537 1319 1325 1472 1208 1252 1599 1370 1313 1826 1840 1998 1833 1004 1697 1914 1916 1614 BCNSPRNW ULIB Ver.6.0+V

เปลี่ยนเป็นภาษาไทย

Change to English
 แสดงรายละเอียดบรรณานุกรม
  กลับหน้าหลัก

Brief Record : Get Marc (ISO 2709) : E-mail record : QR code < ปิดหน้าต่าง
LEADER : 00000nam 2200000uu 4500
001    13399122554
003     ULIB
008    130730s2549||||th 000 0 tha d
060 04 ^aWY152^bศ471อ
100 0  ^aศิริมา วงศ์แหลมทอง
245 10 ^aเอกสารประกอบคำสอน หลักสูตรพยาบาลศาสตร์บัณฑิต(ต่อเนื่อง) วิชาการพยาบาลผู้ใหญ่และผู้สูงอายุ 1 รหัสวิชา พย.3106 /^cศิริมา วงศ์แหลมทอง
250    ^aพิมพ์ครั้งที่ 1
260    ^aนครสวรรค์ :^bวิทยาลัยพยาบาลบรมราชชนนี สวรรค์ประชารักษ์ นครสวรรค์,^c2549
300    ^a184 หน้า
650  7 ^aการพยาบาลผู้สูงอายุ
650  7 ^aผู้สูงอายุ^xการดูแล
710 2  ^aสถาบันพระบรมราชชนก. ^bวิทยาลัยพยาบาลบรมราชชนนี สวรรค์ประชารักษ์ นครสวรรค์
945    ^p0^l0^i20001
995    ^aทศพร
999    ^aทศพร เกษรทอง
รายการนี้ยังไม่มีแท็ก
คุณยังไม่ได้ล็อกอิน คุณสามารถมีกิจกรรมร่วมกับเว็บไซต์ได้ แต่ต้องล็อกอินก่อน ::
  ล็อกอิน

รายการสื่อสารสนเทศ

ลำดับที่ ประเภท เลขเรียก/บาร์โค้ด สถานที่ สถานะ
1. Book การพยาบาล
Book การพยาบาล
WY152 ศ471อ ฉ.1 
  Barcode: 20001
ห้องสมุดวิทยาเขตสวรรค์ประชารักษ์
►หนังสือทั่วไป
บนชั้น

รายการใกล้เคียง
    ผู้แต่ง [ศิริมา วงศ์แหลมทอง]

    หัวเรื่อง [การพยาบาลผู้สูงอายุ]
    หัวเรื่อง [ผู้สูงอายุ การดูแล]

BibComment


ยังไม่เคยถูกคอมเมนท์

คอมเมนท์ทรัพยากรรายการนี้
  คอมเมนท์: เอกสารประกอบคำสอ..


 Copyright 2026. Bcnsprnw @Library